Dobrodružstvá kapitána Korkorána (Record no. 22597)
[ view plain ]
| 000 -LEADER | |
|---|---|
| fixed length control field | 00711nam a2200253 a 4500 |
| 001 - CONTROL NUMBER | |
| control field | 22597 |
| 003 - CONTROL NUMBER IDENTIFIER | |
| control field | SK-KTurca |
| 005 - DATE AND TIME OF LATEST TRANSACTION | |
| control field | 20260401145855.0 |
| 008 - FIXED-LENGTH DATA ELEMENTS--GENERAL INFORMATION | |
| fixed length control field | 180228s1968 xo 000 0 slo d |
| 035 ## - SYSTEM CONTROL NUMBER | |
| System control number | a000605908 |
| 040 ## - CATALOGING SOURCE | |
| Original cataloging agency | UKB |
| Language of cataloging | slo |
| Transcribing agency | UKB |
| Description conventions | AACR2 |
| 041 0# - LANGUAGE CODE | |
| Language code of text/sound track or separate title | slo |
| 044 ## - COUNTRY OF PUBLISHING/PRODUCING ENTITY CODE | |
| MARC country code | xo |
| ISO country code | SK |
| 100 1# - MAIN ENTRY--PERSONAL NAME | |
| Personal name | Assolant, Alfred |
| 245 10 - TITLE STATEMENT | |
| Title | Dobrodružstvá kapitána Korkorána |
| Statement of responsibility, etc. | Alfred Assolant ; z franc. orig. prel. Víťazoslav Hečko ; ilustr. František Šesták |
| 250 ## - EDITION STATEMENT | |
| Edition statement | 3. vyd. |
| 260 ## - PUBLICATION, DISTRIBUTION, ETC. | |
| Place of publication, distribution, etc. | Bratislava |
| Name of publisher, distributor, etc. | Mladé letá |
| Date of publication, distribution, etc. | 1968 |
| 300 ## - PHYSICAL DESCRIPTION | |
| Extent | 345 s. |
| 490 1# - SERIES STATEMENT | |
| Series statement | Stopy |
| 700 1# - ADDED ENTRY--PERSONAL NAME | |
| Personal name | Hečko, Víťazoslav |
| Relationship | trl |
| 700 1# - ADDED ENTRY--PERSONAL NAME | |
| Personal name | Šesták, František |
| Relationship | ill |
| 830 ## - SERIES ADDED ENTRY--UNIFORM TITLE | |
| Uniform title | Stopy |
| 942 ## - ADDED ENTRY ELEMENTS (KOHA) | |
| Source of classification or shelving scheme | Dewey Decimal Classification |
| Koha item type | Krásna literatúra pre dospelých |
| Suppress in OPAC | No |
| Stav vyradenia | Strata | Poškodenie | Spôsob nadobudnutia | Domovská knižnica | Aktuálna knižnica | Dátum nadobudnutia | Total checkouts | Čiarový kód exemplára | Date last seen | Typ exemplára |
|---|---|---|---|---|---|---|---|---|---|---|
| Dar | Obecná knižnica Horná Štubňa | Obecná knižnica Horná Štubňa | 01.04.2026 | 4736202154 | 01.04.2026 | Krásna literatúra pre dospelých |
